| 000 | 01346cam a2200229 4500500 | ||
|---|---|---|---|
| 005 | 20260322002438.0 | ||
| 041 | _afre | ||
| 042 | _adc | ||
| 100 | 1 | 0 |
_aRevil, Hélèna _eauthor |
| 700 | 1 | 0 |
_aGand, Sébastien _eauthor |
| 245 | 0 | 0 | _aUnderstanding the needs of family caregivers and the bid for more effective action: A problematization through the prism of non-use |
| 260 | _c2023. | ||
| 500 | _a88 | ||
| 520 | _aThis text examines the historical evolution of scientific research models, from Enlightenment-based fundamental research to contemporary participatory research. Each period addresses specific societal challenges: understanding the world, solving problems, technological innovation, or social transformation. In response to current ecological and democratic crises, it argues for a scientific continuum based on the complementarity of knowledge, integrating citizens and researchers to build sustainable and just solutions. | ||
| 690 | _abesoins des proches aidants | ||
| 690 | _acomplexité | ||
| 690 | _anon-recours | ||
| 690 | _aproches aidants | ||
| 690 | _aterritorialisation des dispositifs pour les aidants | ||
| 786 | 0 | _nInformations sociales | o 208 | 4 | 2023-05-03 | p. 120-127 | 0046-9459 | |
| 856 | 4 | 1 | _uhttps://shs.cairn.info/journal-informations-sociales-2022-4-page-120?lang=en&redirect-ssocas=7080 |
| 999 |
_c1723537 _d1723537 |
||